| 000 | 00424nam a2200157Ia 4500 | ||
|---|---|---|---|
| 008 | 230312s9999||||xx |||||||||||||| ||und|| | ||
| 020 | _a0-07-059383-3 | ||
| 082 |
_a658.4092 _bBEN-S |
||
| 100 | _aBenton,D.A | ||
| 245 | 0 | _aSecrets of A Ceo Coach | |
| 260 |
_bMc Grow Hill _anew delhi _c1998 |
||
| 300 | _a211 | ||
| 546 | _aEng. | ||
| 650 |
_aManagement _vWhat is Business Coaching,you know you ready for coaching |
||
| 942 | _cBK | ||
| 999 |
_c338 _d338 |
||